000 01011nam a2200229Ia 4500
999 _c39724
_d39724
001 6329
003 GE_BSU
005 20190502122129.0
008 181216s1977||||ge |||||||||||||| ||geo||
040 _cGE_BSU
041 _ageo
080 _a624.131+624.15 კ-41
100 _aკერესელიძე, დ.
_9513
245 _aგრუნტების მექანიკა და ფუძე-საძირკვლები :
_bსახელმძღვ. /
_c დ. კერესელიძე ; რედ. ჩ.გურგენიძე.
264 _aთბილისი :
_bგანათლება,
_c1977.
300 _a443 გვ. :
_bილ, ;
_c22 სმ.
504 _aბიბლიოგრ. : გვ.439.
653 _aგრუნტების მექანიკა და ფუძე-საძირკვლები
653 _aგრუნტები
700 _aგურგენიძე, ჩ.
_eრედაქტორი
_9514
942 _cBK
_2udc